Combien de ville de la Gironde (33) connais-tu ? - Statistiques

Statistiques générales
  • Ce quiz a été pris 19 fois
  • Le résultat moyen est 37 sur 535
Statistiques - réponses
Code postal Ville % Correct
33000 Bordeaux
100%
33607 Pessac
78%
33120 Arcachon
72%
33692 Mérignac
72%
33130 Bègles
67%
33160 Saint-Médard-en-Jalles
61%
33150 Cenon
56%
33320 Eysines
56%
33290 Blanquefort
50%
33310 Lormont
50%
33400 Talence
50%
33140 Villenave-d'Ornon
50%
33810 Ambès
44%
33270 Floirac
44%
33503 Libourne
44%
33520 Bruges
39%
33170 Gradignan
39%
33680 Lacanau
39%
33210 Langon
39%
33240 Saint-André-de-Cubzac
39%
33380 Biganos
33%
33390 Blaye
33%
33230 Coutras
33%
33290 Parempuyre
33%
33440 Ambarès-et-Lagrave
28%
33510 Andernos-les-Bains
28%
33740 Arès
28%
33370 Artigues-près-Bordeaux
28%
33270 Bouliac
28%
33110 Bouscat
28%
33610 Cestas
28%
33470 Gujan-Mestras
28%
33185 Haillan
28%
33850 Léognan
28%
33380 Mios
28%
33560 Sainte-Eulalie
28%
33530 Bassens
22%
33560 Carbon-Blanc
22%
33350 Castillon-la-Bataille
22%
33670 Créon
22%
33950 Lège-Cap-Ferret
22%
33340 Lesparre-Médoc
22%
33570 Montagne
22%
33191 Réole
22%
33220 Sainte-Foy-la-Grande
22%
33330 Saint-Émilion
22%
33490 Saint-Macaire
22%
33260 Teste-de-Buch
22%
33640 Arbanats
17%
33500 Arveyres
17%
33980 Audenge
17%
33430 Bazas
17%
33640 Beautiran
17%
33830 Belin-Béliet
17%
33420 Branne
17%
33140 Cadaujac
17%
33611 Canéjan
17%
33121 Carcans
17%
33620 Cavignac
17%
33210 Fargues
17%
33690 Grignols
17%
33450 Izon
17%
33138 Lanton
17%
33380 Marcheprime
17%
33220 Pineuilh
17%
33720 Podensac
17%
33500 Pomerol
17%
33640 Portets
17%
33210 Preignac
17%
33360 Quinsac
17%
33127 Saint-Jean-d'Illac
17%
33440 Saint-Louis-de-Montferrand
17%
33125 Saint-Magne
17%
33650 Saint-Médard-d'Eyrans
17%
33770 Salles
17%
33670 Sauve
17%
33780 Soulac-sur-Mer
17%
33870 Vayres
17%
33490 Verdelais
17%
33124 Aillas
11%
33460 Arsac
11%
33124 Auros
11%
33720 Barsac
11%
33350 Belvès-de-Castillon
11%
33750 Beychac-et-Caillau
11%
33500 Billaux
11%
33410 Cadillac-sur-Garonne
11%
33490 Caudrot
11%
33720 Cérons
11%
33240 Cubzac-les-Ponts
11%
33190 Gironde-sur-Dropt
11%
33230 Guîtres
11%
33125 Hostens
11%
33990 Hourtin
11%
33720 Landiras
11%
33620 Laruscade
11%
33290 Ludon-Médoc
11%
33570 Lussac
11%
33460 Margaux-Cantenac
11%
33127 Martignas-sur-Jalle
11%
33650 Martillac
11%
33210 Mazères
11%
33450 Montussan
11%
33250 Pauillac
11%
33290 Pian-Médoc
11%
33490 Pian-sur-Garonne
11%
33680 Porge
11%
33730 Préchac
11%
33570 Puisseguin
11%
33210 Roaillan
11%
33490 Saint-André-du-Bois
11%
33160 Saint-Aubin-de-Médoc
11%
33820 Saint-Ciers-sur-Gironde
11%
33910 Saint-Denis-de-Pile
11%
33490 Sainte-Foy-la-Longue
11%
33480 Sainte-Hélène
11%
33452 Saint-Loubès
11%
33350 Saint-Magne-de-Castillon
11%
33490 Saint-Pierre-d'Aurillac
11%
33450 Saint-Sulpice-et-Cameyrac
11%
33440 Saint-Vincent-de-Paul
11%
33370 Sallebœuf
11%
33540 Sauveterre-de-Guyenne
11%
33460 Soussans
11%
33320 Taillan-Médoc
11%
33680 Temple
11%
33210 Toulenne
11%
33370 Tresses
11%
33930 Vendays-Montalivet
11%
33720 Virelade
11%
33230 Abzac
6%
33390 Anglade
6%
33460 Arcins
6%
33480 Avensan
6%
33640 Ayguemorte-les-Graves
6%
33760 Baigneaux
6%
33114 Barp
6%
33710 Bayon-sur-Gironde
6%
33210 Bieujac
6%
33190 Blaignac
6%
33540 Blasimon
6%
33370 Bonnetan
6%
33710 Bourg
6%
33480 Brach
6%
33820 Braud-et-Saint-Louis
6%
33124 Brouqueyran
6%
33750 Camarsac
6%
33360 Camblanes-et-Meynac
6%
33660 Camps-sur-l'Isle
6%
33840 Captieux
6%
33360 Carignan-de-Bordeaux
6%
33390 Cars
6%
33190 Casseuil
6%
33540 Castelmoron-d'Albret
6%
33480 Castelnau-de-Médoc
6%
33640 Castres-Gironde
6%
33360 Cénac
6%
33620 Cézac
6%
33250 Cissac-Médoc
6%
33340 Civrac-en-Médoc
6%
33210 Coimères
6%
33340 Couquèques
6%
33620 Cubnezais
6%
33430 Cudos
6%
33460 Cussac-Fort-Médoc
6%
33410 Donzac
6%
33390 Eyrans
6%
33760 Faleyras
6%
33370 Fargues-Saint-Hilaire
6%
33190 Fontet
6%
33570 Francs
6%
33126 Fronsac
6%
33340 Gaillan-en-Médoc
6%
33133 Galgon
6%
33420 Génissac
6%
33660 Gours
6%
33590 Grayan-et-l'Hôpital
6%
33720 Guillos
6%
33190 Hure
6%
33720 Illats
6%
33590 Jau-Dignac-et-Loirac
6%
33460 Labarde
6%
33500 Lalande-de-Pomerol
6%
33460 Lamarque
6%
33550 Langoiran
6%
33840 Lartigue
6%
33360 Latresne
6%
33840 Lerm-et-Musset
6%
33360 Lignan-de-Bordeaux
6%
33480 Listrac-Médoc
6%
33125 Louchats
6%
33410 Loupiac
6%
33190 Loupiac-de-la-Réole
6%
33830 Lugos
6%
33460 Macau
6%
33230 Maransin
6%
33690 Marions
6%
33690 Masseilles
6%
33580 Monségur
6%
33190 Morizès
6%
33480 Moulis-en-Médoc
6%
33990 Naujac-sur-Mer
6%
33500 Néac
6%
33430 Nizan
6%
33113 Origne
6%
33790 Pellegrue
6%
33570 Petit-Palais-et-Cornemps
6%
33390 Plassac
6%
33820 Pleine-Selve
6%
33730 Pompéjac
6%
33370 Pompignac
6%
33660 Porchères
6%
33710 Pugnac
6%
33350 Pujols
6%
33580 Puy
6%
33660 Puynormand
6%
33340 Queyrac
6%
33420 Rauzan
6%
33580 Roquebrune
6%
33670 Sadirac
6%
33141 Saillans
6%
33660 Saint-Antoine-sur-l'Isle
6%
33220 Saint-Avit-Saint-Nazaire
6%
33880 Saint-Caprais-de-Bordeaux
6%
33920 Saint-Christoly-de-Blaye
6%
33340 Saint-Christoly-Médoc
6%
33570 Saint-Cibard
6%
33910 Saint-Ciers-d'Abzac
6%
33710 Saint-Ciers-de-Canesse
6%
33410 Sainte-Croix-du-Mont
6%
33180 Saint-Estèphe
6%
33340 Saint-Germain-d'Esteuil
6%
33190 Saint-Hilaire-de-la-Noaille
6%
33540 Saint-Laurent-du-Bois
6%
33112 Saint-Laurent-Médoc
6%
33490 Saint-Maixant
6%
33620 Saint-Mariens
6%
33490 Saint-Martial
6%
33490 Saint-Martin-de-Sescas
6%
33910 Saint-Martin-du-Bois
6%
33390 Saint-Martin-Lacaussade
6%
33230 Saint-Médard-de-Guizières
6%
33720 Saint-Michel-de-Rieufret
6%
33650 Saint-Morillon
6%
33210 Saint-Pardon-de-Conques
6%
33330 Saint-Pey-d'Armens
6%
33350 Saint-Pey-de-Castets
6%
33210 Saint-Pierre-de-Mons
6%
33250 Saint-Sauveur
6%
33920 Saint-Savin
6%
33650 Saint-Selve
6%
33660 Saint-Seurin-sur-l'Isle
6%
33330 Saint-Sulpice-de-Faleyrens
6%
33113 Saint-Symphorien
6%
33590 Saint-Vivien-de-Médoc
6%
33920 Saint-Yzan-de-Soudiac
6%
33160 Salaunes
6%
33650 Saucats
6%
33680 Saumos
6%
33210 Sauternes
6%
33124 Savignac
6%
33490 Semens
6%
33790 Soussac
6%
33590 Talais
6%
33760 Targon
6%
33570 Tayac
6%
33470 Teich
6%
33125 Tuzan
6%
33730 Uzeste
6%
33240 Val de Virvée
6%
33590 Vensac
6%
33123 Verdon-sur-Mer
6%
33180 Vertheuil
6%
33730 Villandraut
6%
33240 Virsac
6%
33370 Yvrac
6%
33570 Artigues-de-Lussac
0%
33240 Asques
0%
33430 Aubiac
0%
33790 Auriolles
0%
33190 Bagas
0%
33730 Balizac
0%
33190 Barie
0%
33750 Baron
0%
33190 Bassanne
0%
33880 Baurech
0%
33230 Bayas
0%
33340 Bégadan
0%
33410 Béguey
0%
33760 Bellebat
0%
33760 Bellefond
0%
33430 Bernos-Beaulac
0%
33390 Berson
0%
33124 Berthez
0%
33430 Birac
0%
33340 Blaignan-Prignac
0%
33670 Blésignac
0%
33210 Bommes
0%
33910 Bonzac
0%
33350 Bossugan
0%
33190 Bourdelles
0%
33113 Bourideys
0%
33124 Brannens
0%
33650 Brède
0%
33720 Budos
0%
33650 Cabanac-et-Villagrains
0%
33420 Cabara
0%
33750 Cadarsac
0%
33240 Cadillac-en-Fronsadais
0%
33880 Cambes
0%
33420 Camiac-et-Saint-Denis
0%
33190 Camiran
0%
33390 Campugnan
0%
33550 Capian
0%
33220 Caplong
0%
33410 Cardan
0%
33390 Cartelègue
0%
33540 Castelviel
0%
33210 Castets et Castillon
0%
33540 Caumont
0%
33690 Cauvignac
0%
33113 Cazalis
0%
33430 Cazats
0%
33790 Cazaugitat
0%
33760 Cessac
0%
33230 Chamadelle
0%
33920 Civrac-de-Blaye
0%
33350 Civrac-sur-Dordogne
0%
33540 Cleyrac
0%
33540 Coirac
0%
33710 Comps
0%
33890 Coubeyrac
0%
33760 Courpiac
0%
33580 Cours-de-Monségur
0%
33690 Cours-les-Bains
0%
33580 Coutures
0%
33750 Croignon
0%
33670 Cursan
0%
33420 Daignac
0%
33420 Dardenac
0%
33540 Daubèze
0%
33580 Dieulivol
0%
33860 Donnezac
0%
33350 Doulezon
0%
33230 Églisottes-et-Chalaures
0%
33840 Escaudes
0%
33760 Escoussans
0%
33420 Espiet
0%
33190 Esseintes
0%
33820 Étauliers
0%
33220 Eynesse
0%
33230 Fieu
0%
33350 Flaujagues
0%
33190 Floudès
0%
33190 Fossès-et-Baleyssac
0%
33390 Fours
0%
33760 Frontenac
0%
33410 Gabarnac
0%
33430 Gajac
0%
33430 Gans
0%
33350 Gardegan-et-Tourtirac
0%
33710 Gauriac
0%
33240 Gauriaguet
0%
33920 Générac
0%
33890 Gensac
0%
33840 Giscos
0%
33540 Gornac
0%
33840 Goualade
0%
33420 Grézillac
0%
33420 Guillac
0%
33550 Haux
0%
33640 Isle-Saint-Georges
0%
33420 Jugazan
0%
33890 Juillac
0%
33690 Labescau
0%
33760 Ladaux
0%
33124 Lados
0%
33230 Lagorce
0%
33190 Lamothe-Landerron
0%
33240 Lande-de-Fronsac
0%
33790 Landerrouat
0%
33540 Landerrouet-sur-Ségur
0%
33710 Lansac
0%
33620 Lapouyade
0%
33410 Laroque
0%
33690 Lavazan
0%
33210 Léogeats
0%
33550 Lestiac-sur-Garonne
0%
33220 Lèves-et-Thoumeyragues
0%
33430 Lignan-de-Bazas
0%
33220 Ligueux
0%
33790 Listrac-de-Durèze
0%
33190 Loubens
0%
33370 Loupes
0%
33840 Lucmau
0%
33420 Lugaignac
0%
33760 Lugasson
0%
33240 Lugon-et-l'Île-du-Carnay
0%
33670 Madirac
0%
33620 Marcenais
0%
33220 Margueron
0%
33430 Marimbault
0%
33620 Marsas
0%
33760 Martres
0%
33790 Massugas
0%
33540 Mauriac
0%
33390 Mazion
0%
33350 Mérignas
0%
33540 Mesterrieux
0%
33710 Mombrier
0%
33190 Mongauzy
0%
33410 Monprimblanc
0%
33190 Montagoudin
0%
33760 Montignac
0%
33240 Mouillac
0%
33350 Mouliets-et-Villemartin
0%
33420 Moulon
0%
33410 Mourens
0%
33420 Naujan-et-Postiac
0%
33750 Nérigean
0%
33580 Neuffons
0%
33190 Noaillac
0%
33730 Noaillan
0%
33410 Omet
0%
33340 Ordonnac
0%
33550 Paillet
0%
33230 Peintures
0%
33240 Périssac
0%
33890 Pessac-sur-Dordogne
0%
33240 Peujard
0%
33190 Pondaurat
0%
33760 Porte-de-Benauge
0%
33670 Pout
0%
33710 Prignac-et-Marcamps
0%
33210 Pujols-sur-Ciron
0%
33190 Puybarban
0%
33860 Reignac
0%
33580 Rimons
0%
33220 Riocaud
0%
33410 Rions
0%
33126 Rivière
0%
33760 Romagne
0%
33220 Roquille
0%
33350 Ruch
0%
33910 Sablons
0%
33126 Saint-Aignan
0%
33220 Saint-André-et-Appelles
0%
33390 Saint-Androny
0%
33790 Saint-Antoine-du-Queyret
0%
33820 Saint-Aubin-de-Blaye
0%
33420 Saint-Aubin-de-Branne
0%
33220 Saint-Avit-de-Soulège
0%
33540 Saint-Brice
0%
33230 Saint-Christophe-de-Double
0%
33330 Saint-Christophe-des-Bardes
0%
33430 Saint-Côme
0%
33350 Sainte-Colombe
0%
33350 Sainte-Florence
0%
33580 Sainte-Gemme
0%
33350 Sainte-Radegonde
0%
33350 Sainte-Terre
0%
33330 Saint-Étienne-de-Lisse
0%
33190 Saint-Exupéry
0%
33540 Saint-Félix-de-Foncaude
0%
33580 Saint-Ferme
0%
33390 Saint-Genès-de-Blaye
0%
33350 Saint-Genès-de-Castillon
0%
33240 Saint-Genès-de-Fronsac
0%
33670 Saint-Genès-de-Lombaud
0%
33760 Saint-Genis-du-Bois
0%
33490 Saint-Germain-de-Grave
0%
33240 Saint-Germain-de-la-Rivière
0%
33750 Saint-Germain-du-Puch
0%
33240 Saint-Gervais
0%
33920 Saint-Girons-d'Aiguevives
0%
33540 Saint-Hilaire-du-Bois
0%
33330 Saint-Hippolyte
0%
33420 Saint-Jean-de-Blaignac
0%
33250 Saint-Julien-Beychevelle
0%
33240 Saint-Laurent-d'Arce
0%
33330 Saint-Laurent-des-Combes
0%
33190 Saint-Laurent-du-Plan
0%
33113 Saint-Léger-de-Balson
0%
33670 Saint-Léon
0%
33210 Saint-Loubert
0%
33910 Saint-Martin-de-Laye
0%
33540 Saint-Martin-de-Lerm
0%
33540 Saint-Martin-du-Puy
0%
33840 Saint-Michel-de-Castelnau
0%
33126 Saint-Michel-de-Fronsac
0%
33190 Saint-Michel-de-Lapujade
0%
33820 Saint-Palais
0%
33390 Saint-Paul
0%
33350 Saint-Philippe-d'Aiguille
0%
33220 Saint-Philippe-du-Seignal
0%
33760 Saint-Pierre-de-Bat
0%
33750 Saint-Quentin-de-Baron
0%
33220 Saint-Quentin-de-Caplong
0%
33240 Saint-Romain-la-Virvée
0%
33660 Saint-Sauveur-de-Puynormand
0%
33710 Saint-Seurin-de-Bourg
0%
33180 Saint-Seurin-de-Cadourne
0%
33390 Saint-Seurin-de-Cursac
0%
33190 Saint-Sève
0%
33580 Saint-Sulpice-de-Guilleragues
0%
33540 Saint-Sulpice-de-Pommiers
0%
33710 Saint-Trojan
0%
33420 Saint-Vincent-de-Pertignas
0%
33920 Saint-Vivien-de-Blaye
0%
33580 Saint-Vivien-de-Monségur
0%
33340 Saint-Yzans-de-Médoc
0%
33350 Salles-de-Castillon
0%
33710 Samonac
0%
33920 Saugon
0%
33430 Sauviac
0%
33910 Savignac-de-l'Isle
0%
33690 Sendets
0%
33690 Sigalens
0%
33690 Sillas
0%
33760 Soulignac
0%
33550 Tabanac
0%
33580 Taillecavat
0%
33240 Tarnès
0%
33710 Tauriac
0%
33710 Teuillac
0%
33420 Tizac-de-Curton
0%
33620 Tizac-de-Lapouyade
0%
33550 Tourne
0%
33860 Val-de-Livenne
0%
33340 Valeyrac
0%
33240 Vérac
0%
33330 Vignonet
0%
33141 Villegouge
0%
33550 Villenave-de-Rions
0%
33710 Villeneuve
0%
Aucun quiz correspondant
Distribution des résultats
% des personnes avec chaque résultat
Percentile par nombre de réponses
Votre historique - résultats
Vous n’avez pas pris ce quiz